1981-82 Cumulative Supplement to Silke on South African Income Tax / (Record no. 807)

MARC details
000 -LEADER
fixed length control field 00571nam a22001697a 4500
005 - DATE AND TIME OF INPUT
control field 20231120141756.0
008 - DATA ELEMENTS--GENERAL INFORMATION
fixed length control field 231120b |||||||| |||| 00| 0 eng d
020 ## - INTERNATIONAL STANDARD BOOK NUMBER
International Standard Book Number 0702112968
041 ## - LANGUAGE CODE
Language code of text English
082 ## - SHELF NUMBER
DDC number 343.4 SIL
100 ## - MAIN AUTHOR
Main author's name Divaris, C and Stein, ML
Language of a work English
245 ## - TITLE STATEMENT
Title 1981-82 Cumulative Supplement to Silke on South African Income Tax /
Statement of responsibility, etc. C Divaris and ML Stein
260 ## - PUBLICATION, DISTRIBUTION, ETC.
Place of publication, distribution, etc. Cape Town :
Name of publisher, distributor, etc. Juta and Company Ltd,
Date of publication, distribution, etc. 1982
300 ## - PHYSICAL DESCRIPTION
Other physical details xvii, 744 pages ;
Dimensions 25,5 cm.
650 ## - SUBJECT`
Broad subject Legal practice
Own subject terms Law
942 ## - ADDED ENTRY ELEMENTS (KOHA)
Item type Books
942 ## - ADDED ENTRY ELEMENTS (KOHA)
-- ALISON_BN_VRIES
Holdings
Source of classification or shelving scheme Not for loan Collection code Home library Current library Shelving location Date acquired Full call number Barcode Price effective from Koha item type
Dewey Decimal Classification   TEXT BOOKS LAW SOCIETY OF NAMIBIA LIBRARY - WINDHOEK LAW SOCIETY OF NAMIBIA LIBRARY - WINDHOEK Income tax reporter (tax) 11/20/2023 343.4 SIL LSN/2004/5 11/20/2023 Books